LEADER 00945nam0-22003371i-450- 001 990006823820403321 005 20001010 035 $a000682382 035 $aFED01000682382 035 $a(Aleph)000682382FED01 035 $a000682382 100 $a20001010d--------km-y0itay50------ba 101 0 $aita 105 $ay-------001yy 200 1 $aMedicina, magia, religione, valori$fVittorio Lanternari. 210 $aNapoli$cLiguori$d1994- 215 $av. 24 cm 225 1 $aAnthropos$v25. Biblioteca$d00 300 $av. 1. 610 0 $aMedicina - Aspetti socio-culturali 676 $a306.461 700 1$aLanternari,$bVittorio$f<1918- >$0118727 801 0$aIT$bUNINA$gRICA$2UNIMARC 901 $aBK 912 $a990006823820403321 952 $aCOLLEZ. 1272 (25)$b27995$fFSPBC 952 $aIX A 826$b33056$fFSPBC 959 $aFSPBC 996 $aMedicina, magia, religione, valori$9213014 997 $aUNINA DB $aGEN01 LEADER 01027nam--2200349---450- 001 990003619250203316 005 20120202101221.0 010 $a1-55704-274-8 035 $a000361925 035 $aUSA01000361925 035 $a(ALEPH)000361925USA01 035 $a000361925 100 $a20120202d1996----km-y0itay50------ba 101 0 $aeng 102 $aUS 105 $aa---||||001yy 200 1 $a<> Midwinter's Tale$eThe Shooting Script$fscreenplay and introduction by Kenneth Branagh 210 $aNew York$cNewmarket Press$d1996 215 $a134 p.$cill.$d24 cm 606 0 $aCinema$2BNCF 676 $a791.43 700 1$aBRANAGH,$bKenneth$0611490 801 0$aIT$bsalbc$gISBD 912 $a990003619250203316 951 $aXIII.2. 2520$b6834 L.G.$cXIII.2.$d00306272 959 $aBK 969 $aUMA 979 $aPASSARO$b90$c20120202$lUSA01$h1010 979 $aPASSARO$b90$c20120202$lUSA01$h1010 979 $aPASSARO$b90$c20120202$lUSA01$h1012 996 $aMidwinter's Tale$91136715 997 $aUNISA